[Event "DEM U10 2023"]
[Site "Willingen GER"]
[Date "2023.05.29"]
[Round "4"]
[White "Schmidt, Jossip"]
[Black "Sutharjan, Dakxwin"]
[Result "0-1"]
[Termination "normal"]
[Board "18"]
[WhiteElo "1276"]
[BlackElo "1438"]
[WhiteClock "00:31:22"]
[BlackClock "00:07:09"]
[PlyCount "93"]
[WhiteFideId "34621148"]
[BlackFideId "34606548"]
[EventCountry "GER"]
[EventRounds "11"]
[EventType "swiss"]
[EventDate "2023.05.27"]

1. d4 {[%clk 01:15:59]} d5 {[%clk 01:15:50]} {[%emt 00:00:10]} 2. Nf3 {[%clk
01:16:17]} {[%emt 00:00:11]} Nf6 {[%clk 01:16:04]} {[%emt 00:00:16]} 3. Bf4
{[%clk 01:16:12]} {[%emt 00:00:36]} c5 {[%clk 01:15:09]} {[%emt 00:01:25]} 4.
e3 {[%clk 01:14:26]} {[%emt 00:02:17]} Nc6 {[%clk 01:14:32]} {[%emt 00:01:07]}
5. c3 {[%clk 01:12:50]} {[%emt 00:02:06]} Qb6 {[%clk 01:14:23]} {[%emt
00:00:38]} 6. Qc2 {[%clk 01:10:36]} {[%emt 00:02:44]} cxd4 {[%clk 01:11:12]}
{[%emt 00:03:41]} 7. exd4 {[%clk 01:08:52]} {[%emt 00:02:14]} Bf5 {[%clk
01:10:40]} {[%emt 00:01:02]} 8. Qc1 {[%clk 01:07:27]} {[%emt 00:01:55]} e6
{[%clk 01:10:36]} {[%emt 00:00:34]} 9. Nbd2 {[%clk 01:05:30]} {[%emt 00:02:26]}
Be7 {[%clk 01:07:34]} {[%emt 00:03:33]} 10. Be2 {[%clk 01:01:26]} {[%emt
00:04:34]} O-O {[%clk 01:06:08]} {[%emt 00:01:57]} 11. O-O {[%clk 00:59:50]}
{[%emt 00:02:05]} Rac8 {[%clk 01:03:34]} {[%emt 00:03:04]} 12. Nb3 {[%clk
00:57:39]} {[%emt 00:02:40]} Ne4 {[%clk 01:02:28]} {[%emt 00:01:37]} 13. Qd1
{[%clk 00:56:22]} {[%emt 00:01:46]} Rfd8 {[%clk 00:56:36]} {[%emt 00:06:24]}
14. a4 {[%clk 00:52:44]} {[%emt 00:04:08]} a5 {[%clk 00:56:22]} {[%emt
00:00:44]} 15. Bb5 {[%clk 00:48:04]} {[%emt 00:05:10]} Bg4 {[%clk 00:48:18]}
{[%emt 00:08:34]} 16. Qd3 {[%clk 00:46:27]} {[%emt 00:02:06]} Na7 {[%clk
00:43:59]} {[%emt 00:04:50]} 17. Ne1 {[%clk 00:44:59]} {[%emt 00:01:58]} Bf5
{[%clk 00:41:49]} {[%emt 00:02:40]} 18. Qe2 {[%clk 00:44:10]} {[%emt 00:01:19]}
Nd6 {[%clk 00:39:02]} {[%emt 00:03:18]} 19. Bxd6 {[%clk 00:42:14]} {[%emt
00:02:25]} Bxd6 {[%clk 00:38:13]} {[%emt 00:01:20]} 20. h4 {[%clk 00:40:51]}
{[%emt 00:01:51]} Nxb5 {[%clk 00:37:47]} {[%emt 00:00:57]} 21. Qxb5 {[%clk
00:40:31]} {[%emt 00:00:50]} Qxb5 {[%clk 00:38:04]} {[%emt 00:00:14]} 22. axb5
{[%clk 00:40:43]} {[%emt 00:00:17]} b6 {[%clk 00:38:23]} {[%emt 00:00:10]} 23.
f3 {[%clk 00:40:35]} {[%emt 00:00:36]} Bg3 {[%clk 00:38:10]} {[%emt 00:00:45]}
24. h5 {[%clk 00:38:43]} {[%emt 00:02:19]} Bxe1 {[%clk 00:34:56]} {[%emt
00:03:46]} 25. Rfxe1 {[%clk 00:37:02]} {[%emt 00:02:09]} Bd3 {[%clk 00:34:36]}
{[%emt 00:00:52]} 26. Nc1 {[%clk 00:36:19]} {[%emt 00:01:13]} Bxb5 {[%clk
00:34:53]} {[%emt 00:00:13]} 27. Kh2 {[%clk 00:33:40]} {[%emt 00:03:09]} Bc4
{[%clk 00:30:20]} {[%emt 00:05:03]} 28. g4 {[%clk 00:33:00]} {[%emt 00:01:09]}
h6 {[%clk 00:28:00]} {[%emt 00:02:52]} 29. Kg3 {[%clk 00:31:51]} {[%emt
00:01:38]} Kh7 {[%clk 00:23:10]} {[%emt 00:05:20]} 30. Kf4 {[%clk 00:31:51]}
{[%emt 00:00:29]} g5+ {[%clk 00:22:46]} {[%emt 00:00:54]} 31. hxg6+ {[%clk
00:30:39]} {[%emt 00:01:43]} Kxg6 {[%clk 00:22:57]} {[%emt 00:00:20]} 32. b3
{[%clk 00:30:52]} {[%emt 00:00:16]} Ba6 {[%clk 00:22:13]} {[%emt 00:01:15]} 33.
Na2 {[%clk 00:30:39]} {[%emt 00:00:43]} Kf6 {[%clk 00:18:18]} {[%emt 00:04:24]}
34. Rh1 {[%clk 00:30:42]} {[%emt 00:00:28]} Rh8 {[%clk 00:18:08]} {[%emt
00:00:41]} 35. Rh2 {[%clk 00:30:43]} {[%emt 00:00:28]} Rh7 {[%clk 00:17:58]}
{[%emt 00:00:41]} 36. Rah1 {[%clk 00:31:03]} {[%emt 00:00:10]} Rch8 {[%clk
00:17:14]} {[%emt 00:01:15]} 37. Rxh6+ {[%clk 00:30:23]} {[%emt 00:01:09]} Rxh6
{[%clk 00:17:20]} {[%emt 00:00:24]} 38. g5+ {[%clk 00:30:35]} {[%emt 00:00:18]}
Kg6 {[%clk 00:17:30]} {[%emt 00:00:20]} 39. Rxh6+ {[%clk 00:30:04]} {[%emt
00:01:01]} Rxh6 {[%clk 00:17:51]} {[%emt 00:00:09]} 40. gxh6 {[%clk 00:30:32]}
{[%emt 00:00:03]} Kxh6 {[%clk 00:18:12]} {[%emt 00:00:09]} 41. Ke5 {[%clk
00:30:51]} {[%emt 00:00:11]} Kg5 {[%clk 00:12:25]} {[%emt 00:06:17]} 42. f4
{[%clk 00:30:28]} {[%emt 00:00:52]} Kg4 {[%clk 00:11:25]} {[%emt 00:01:31]} 43.
Nc1 {[%clk 00:30:24]} {[%emt 00:00:33]} Kf3 {[%clk 00:09:16]} {[%emt 00:02:39]}
44. f5 {[%clk 00:30:32]} {[%emt 00:00:22]} exf5 {[%clk 00:08:46]} {[%emt
00:01:01]} 45. Kxf5 {[%clk 00:30:49]} {[%emt 00:00:12]} Ke3 {[%clk 00:07:37]}
{[%emt 00:01:39]} 46. Kf6 {[%clk 00:31:07]} {[%emt 00:00:12]} Kd2 {[%clk
00:07:09]} {[%emt 00:00:58]} 47. c4 {[%clk 00:31:22]} {[%emt 00:00:15]} 0-1

[Event "DEM U10 2023"]
[Site "Willingen GER"]
[Date "2023.05.29"]
[Round "4"]
[White "Ziem, Ole"]
[Black "Naumann, Lennart"]
[Result "0-1"]
[Termination "normal"]
[Board "19"]
[WhiteElo "1312"]
[BlackElo "1537"]
[WhiteClock "00:20:43"]
[BlackClock "00:36:29"]
[PlyCount "94"]
[WhiteFideId "34624791"]
[BlackFideId "34644830"]
[EventCountry "GER"]
[EventRounds "11"]
[EventType "swiss"]
[EventDate "2023.05.27"]

1. e4 {[%clk 01:15:58]} {[%emt 00:00:01]} c5 {[%clk 01:15:54]} {[%emt
00:00:07]} 2. Nf3 {[%clk 01:16:15]} {[%emt 00:00:12]} Nc6 {[%clk 01:16:16]}
{[%emt 00:00:08]} 3. d4 {[%clk 01:15:57]} {[%emt 00:00:49]} cxd4 {[%clk
01:16:37]} {[%emt 00:00:09]} 4. Nxd4 {[%clk 01:16:21]} {[%emt 00:00:06]} e6
{[%clk 01:16:59]} {[%emt 00:00:08]} 5. Nc3 {[%clk 01:15:46]} {[%emt 00:01:06]}
Bc5 {[%clk 01:17:20]} {[%emt 00:00:09]} 6. Nb3 {[%clk 01:15:00]} {[%emt
00:01:16]} Bb6 {[%clk 01:17:10]} {[%emt 00:00:39]} 7. Be2 {[%clk 01:13:30]}
{[%emt 00:02:00]} Nf6 {[%clk 01:16:37]} {[%emt 00:01:02]} 8. Bg5 {[%clk
01:13:27]} {[%emt 00:00:33]} h6 {[%clk 01:16:31]} {[%emt 00:00:36]} 9. Bh4
{[%clk 01:13:51]} {[%emt 00:00:07]} O-O {[%clk 01:15:24]} {[%emt 00:01:37]} 10.
O-O {[%clk 01:13:48]} {[%emt 00:00:32]} Re8 {[%clk 01:14:32]} {[%emt 00:01:23]}
11. Bb5 {[%clk 01:13:37]} {[%emt 00:00:41]} Qc7 {[%clk 01:12:53]} {[%emt
00:02:08]} 12. Bxf6 {[%clk 01:13:24]} {[%emt 00:00:43]} gxf6 {[%clk 01:12:45]}
{[%emt 00:00:38]} 13. Re1 {[%clk 01:13:11]} {[%emt 00:00:43]} Qf4 {[%clk
01:12:23]} {[%emt 00:00:51]} 14. Re2 {[%clk 01:11:58]} {[%emt 00:01:45]} a6
{[%clk 01:11:24]} {[%emt 00:01:29]} 15. Bxc6 {[%clk 00:59:12]} {[%emt
00:13:17]} dxc6 {[%clk 01:10:43]} {[%emt 00:01:09]} 16. Qd3 {[%clk 00:58:38]}
{[%emt 00:01:05]} e5 {[%clk 01:09:07]} {[%emt 00:02:06]} 17. Qg3+ {[%clk
00:57:38]} {[%emt 00:01:28]} Qxg3 {[%clk 01:08:45]} {[%emt 00:00:53]} 18. hxg3
{[%clk 00:57:57]} {[%emt 00:00:11]} Bg4 {[%clk 01:09:00]} {[%emt 00:00:14]} 19.
Rd2 {[%clk 00:57:38]} {[%emt 00:00:50]} Rad8 {[%clk 01:09:16]} {[%emt
00:00:13]} 20. Kf1 {[%clk 00:46:44]} {[%emt 00:11:25]} Rxd2 {[%clk 01:05:36]}
{[%emt 00:04:09]} 21. Nxd2 {[%clk 00:47:03]} {[%emt 00:00:12]} Rd8 {[%clk
01:05:19]} {[%emt 00:00:46]} 22. Nc4 {[%clk 00:47:01]} {[%emt 00:00:32]} Ba7
{[%clk 00:57:22]} {[%emt 00:08:27]} 23. Re1 {[%clk 00:35:35]} {[%emt 00:11:56]}
Kf8 {[%clk 00:43:23]} {[%emt 00:14:27]} 24. a4 {[%clk 00:27:24]} {[%emt
00:08:43]} Bd4 {[%clk 00:36:42]} {[%emt 00:07:11]} 25. Ne3 {[%clk 00:21:01]}
{[%emt 00:06:54]} Be6 {[%clk 00:36:48]} {[%emt 00:00:23]} 26. Rd1 {[%clk
00:20:18]} {[%emt 00:01:14]} Ke7 {[%clk 00:35:46]} {[%emt 00:01:31]} 27. Nf5+
{[%clk 00:19:29]} {[%emt 00:01:19]} Bxf5 {[%clk 00:35:58]} {[%emt 00:00:17]}
28. exf5 {[%clk 00:19:46]} {[%emt 00:00:14]} Bxc3 {[%clk 00:36:18]} {[%emt
00:00:09]} 29. Rxd8 {[%clk 00:20:03]} {[%emt 00:00:14]} Kxd8 {[%clk 00:36:40]}
{[%emt 00:00:09]} 30. bxc3 {[%clk 00:20:30]} {[%emt 00:00:03]} Kc7 {[%clk
00:36:56]} {[%emt 00:00:13]} 31. a5 {[%clk 00:20:26]} {[%emt 00:00:35]} Kd6
{[%clk 00:37:17]} {[%emt 00:00:09]} 32. Ke1 {[%clk 00:20:01]} {[%emt 00:00:55]}
Kc5 {[%clk 00:37:24]} {[%emt 00:00:22]} 33. Kd2 {[%clk 00:19:08]} {[%emt
00:01:23]} Kb5 {[%clk 00:37:37]} {[%emt 00:00:18]} 34. Kd3 {[%clk 00:19:16]}
{[%emt 00:00:21]} Kxa5 {[%clk 00:37:23]} {[%emt 00:00:43]} 35. c4 {[%clk
00:19:10]} {[%emt 00:00:37]} Kb4 {[%clk 00:37:39]} {[%emt 00:00:14]} 36. c5
{[%clk 00:19:00]} {[%emt 00:00:41]} a5 {[%clk 00:37:41]} {[%emt 00:00:27]} 37.
Kd2 {[%emt 00:01:25]} Kxc5 {[%emt 00:00:18]} 38. Kc3 {[%clk 00:19:16]} b5
{[%clk 00:36:39]} {[%emt 00:01:01]} 39. Kb3 {[%clk 00:19:36]} {[%emt 00:00:11]}
Kd4 {[%clk 00:36:47]} {[%emt 00:00:22]} 40. Kb2 {[%clk 00:19:47]} {[%emt
00:00:19]} Ke4 {[%clk 00:36:18]} {[%emt 00:01:00]} 41. g4 {[%clk 00:20:07]}
{[%emt 00:00:10]} Kf4 {[%clk 00:36:32]} {[%emt 00:00:15]} 42. f3 {[%clk
00:20:05]} {[%emt 00:00:31]} e4 {[%clk 00:36:38]} {[%emt 00:00:25]} 43. fxe4
{[%clk 00:20:18]} {[%emt 00:00:18]} Kxe4 {[%clk 00:36:56]} {[%emt 00:00:11]}
44. c3 {[%clk 00:20:18]} {[%emt 00:00:30]} Kf4 {[%clk 00:36:49]} {[%emt
00:00:37]} 45. Kb3 {[%clk 00:20:32]} {[%emt 00:00:17]} c5 {[%clk 00:36:25]}
{[%emt 00:00:53]} 46. c4 {[%clk 00:20:36]} {[%emt 00:00:26]} b4 {[%clk
00:36:30]} {[%emt 00:00:25]} 47. Kb2 {[%clk 00:20:43]} {[%emt 00:00:23]} Kxg4
{[%clk 00:36:29]} {[%emt 00:00:51]} 0-1

[Event "DEM U10 2023"]
[Site "Willingen GER"]
[Date "2023.05.29"]
[Round "4"]
[White "Gruner, Cornelius"]
[Black "Hamann, Friedrich"]
[Result "1-0"]
[Termination "normal"]
[Board "20"]
[WhiteElo "1279"]
[BlackElo "1404"]
[WhiteClock "00:43:05"]
[BlackClock "00:00:40"]
[PlyCount "61"]
[WhiteFideId "34616306"]
[BlackFideId "34622829"]
[EventCountry "GER"]
[EventRounds "11"]
[EventType "swiss"]
[EventDate "2023.05.27"]

1. d4 {[%clk 01:15:59]} d5 {[%clk 01:15:54]} {[%emt 00:00:06]} 2. c4 {[%clk
01:16:25]} {[%emt 00:00:04]} e6 {[%clk 01:16:14]} {[%emt 00:00:10]} 3. Nc3
{[%clk 01:16:44]} {[%emt 00:00:11]} c5 {[%clk 01:16:33]} {[%emt 00:00:10]} 4.
cxd5 {[%clk 01:16:48]} {[%emt 00:00:26]} cxd4 {[%clk 01:13:09]} {[%emt
00:03:54]} 5. Qxd4 {[%clk 01:16:03]} {[%emt 00:01:16]} Nc6 {[%clk 01:12:50]}
{[%emt 00:00:48]} 6. Qd2 {[%clk 01:15:54]} {[%emt 00:00:38]} exd5 {[%clk
01:12:07]} {[%emt 00:01:14]} 7. Nf3 {[%clk 01:14:41]} {[%emt 00:01:43]} Nf6
{[%clk 01:11:25]} {[%emt 00:01:11]} 8. g3 {[%clk 01:14:26]} {[%emt 00:00:46]}
Bb4 {[%clk 01:11:08]} {[%emt 00:00:44]} 9. a3 {[%clk 01:14:10]} {[%emt
00:00:49]} Ne4 {[%clk 00:59:19]} {[%emt 00:12:19]} 10. Qd3 {[%clk 01:12:26]}
{[%emt 00:02:14]} Bxc3+ {[%clk 00:57:36]} {[%emt 00:02:13]} 11. bxc3 {[%clk
01:12:33]} {[%emt 00:00:24]} O-O {[%clk 00:45:51]} {[%emt 00:12:15]} 12. Bg2
{[%clk 01:11:31]} {[%emt 00:01:31]} Nc5 {[%clk 00:42:11]} {[%emt 00:04:06]} 13.
Qc2 {[%clk 01:10:21]} {[%emt 00:01:43]} Be6 {[%clk 00:39:38]} {[%emt 00:03:00]}
14. O-O {[%clk 01:10:25]} {[%emt 00:00:29]} Rc8 {[%clk 00:38:50]} {[%emt
00:01:17]} 15. Be3 {[%clk 01:09:01]} {[%emt 00:01:54]} Nd7 {[%clk 00:35:07]}
{[%emt 00:04:11]} 16. Rfd1 {[%clk 01:06:07]} {[%emt 00:03:26]} Nde5 {[%clk
00:30:17]} {[%emt 00:05:21]} 17. Nxe5 {[%clk 00:59:39]} {[%emt 00:06:58]} Nxe5
{[%clk 00:30:30]} {[%emt 00:00:16]} 18. Bxa7 {[%clk 00:58:19]} {[%emt
00:01:51]} b6 {[%clk 00:29:40]} {[%emt 00:01:19]} 19. Rab1 {[%clk 00:57:07]}
{[%emt 00:01:44]} Nc4 {[%clk 00:27:19]} {[%emt 00:02:49]} 20. Qb3 {[%clk
00:54:54]} {[%emt 00:02:45]} Rc6 {[%clk 00:25:47]} {[%emt 00:01:58]} 21. Qa4
{[%clk 00:51:20]} {[%emt 00:04:07]} Qc7 {[%clk 00:21:24]} {[%emt 00:04:49]} 22.
Bxd5 {[%clk 00:49:55]} {[%emt 00:01:59]} Bxd5 {[%clk 00:18:51]} {[%emt
00:03:04]} 23. Rxd5 {[%clk 00:50:01]} {[%emt 00:00:24]} Qb7 {[%clk 00:12:31]}
{[%emt 00:06:45]} 24. Rd4 {[%clk 00:47:09]} {[%emt 00:03:27]} Nd6 {[%clk
00:11:10]} {[%emt 00:01:49]} 25. Qb4 {[%clk 00:45:19]} {[%emt 00:02:22]} Nc8
{[%clk 00:10:07]} {[%emt 00:01:32]} 26. Rbd1 {[%clk 00:44:53]} {[%emt
00:00:58]} h6 {[%clk 00:06:06]} {[%emt 00:04:31]} 27. Rd8 {[%clk 00:43:03]}
{[%emt 00:02:20]} Rxd8 {[%clk 00:04:18]} {[%emt 00:02:16]} 28. Rxd8+ {[%clk
00:43:11]} {[%emt 00:00:23]} Kh7 {[%clk 00:04:32]} {[%emt 00:00:16]} 29. Qe4+
{[%clk 00:43:03]} {[%emt 00:00:39]} g6 {[%clk 00:02:35]} {[%emt 00:02:27]} 30.
Qe8 {[%clk 00:43:05]} {[%emt 00:00:27]} Kg7 {[%clk 00:00:40]} {[%emt 00:02:25]}
31. Qh8# {[%emt 00:00:24]} 1-0

[Event "DEM U10 2023"]
[Site "Willingen GER"]
[Date "2023.05.29"]
[Round "4"]
[White "Gendzelevsky, Stefan"]
[Black "Obermair, Hannes"]
[Result "1/2-1/2"]
[Termination "normal"]
[Board "21"]
[WhiteElo "1442"]
[BlackElo "1320"]
[WhiteClock "00:08:48"]
[BlackClock "00:11:07"]
[PlyCount "157"]
[WhiteFideId "34637672"]
[BlackFideId "34640509"]
[EventCountry "GER"]
[EventRounds "11"]
[EventType "swiss"]
[EventDate "2023.05.27"]

1. e4 {[%clk 01:15:59]} {[%emt 00:00:01]} c5 {[%clk 01:16:20]} {[%emt
00:00:10]} 2. Nc3 {[%clk 01:16:23]} {[%emt 00:00:07]} Nc6 {[%clk 01:16:32]}
{[%emt 00:00:18]} 3. f4 {[%clk 01:16:47]} {[%emt 00:00:06]} g6 {[%clk
01:16:12]} {[%emt 00:00:48]} 4. Nf3 {[%clk 01:17:09]} {[%emt 00:00:10]} Bg7
{[%clk 01:16:00]} {[%emt 00:00:41]} 5. Bc4 {[%clk 01:17:29]} {[%emt 00:00:10]}
d6 {[%clk 01:14:53]} {[%emt 00:01:38]} 6. O-O {[%clk 01:17:43]} {[%emt
00:00:17]} Bg4 {[%clk 01:14:48]} {[%emt 00:00:34]} 7. d3 {[%clk 01:17:59]}
{[%emt 00:00:14]} Nd4 {[%clk 01:14:07]} {[%emt 00:01:11]} 8. Bxf7+ {[%clk
01:17:41]} {[%emt 00:00:49]} Kf8 {[%clk 01:02:33]} {[%emt 00:12:04]} 9. Bxg8
{[%clk 01:03:51]} {[%emt 00:14:18]} Bxf3 {[%clk 01:01:38]} {[%emt 00:01:26]}
10. gxf3 {[%clk 01:03:45]} {[%emt 00:00:36]} Kxg8 {[%clk 01:00:28]} {[%emt
00:01:40]} 11. Kh1 {[%clk 00:59:19]} {[%emt 00:04:56]} Kf7 {[%clk 00:58:02]}
{[%emt 00:02:55]} 12. Ne2 {[%clk 00:57:05]} {[%emt 00:02:44]} Nc6 {[%clk
00:55:05]} {[%emt 00:03:29]} 13. c3 {[%clk 00:57:17]} {[%emt 00:00:18]} Rf8
{[%clk 00:55:09]} {[%emt 00:00:25]} 14. Qb3+ {[%clk 00:56:50]} {[%emt
00:00:57]} Ke8 {[%clk 00:53:41]} {[%emt 00:01:58]} 15. Rd1 {[%clk 00:55:48]}
{[%emt 00:01:32]} Qd7 {[%clk 00:53:19]} {[%emt 00:00:52]} 16. d4 {[%clk
00:55:59]} {[%emt 00:00:19]} Qh3 {[%clk 00:53:13]} {[%emt 00:00:35]} 17. Ng1
{[%clk 00:54:31]} {[%emt 00:01:56]} Qc8 {[%clk 00:51:59]} {[%emt 00:01:47]} 18.
e5 {[%clk 00:52:15]} {[%emt 00:02:44]} dxe5 {[%clk 00:50:19]} {[%emt 00:02:12]}
19. fxe5 {[%clk 00:52:32]} {[%emt 00:00:14]} cxd4 {[%clk 00:48:51]} {[%emt
00:01:58]} 20. cxd4 {[%clk 00:52:42]} {[%emt 00:00:19]} b6 {[%clk 00:48:26]}
{[%emt 00:00:54]} 21. Be3 {[%clk 00:50:40]} {[%emt 00:02:16]} Qb7 {[%clk
00:47:45]} {[%emt 00:01:28]} 22. Qd5 {[%clk 00:48:23]} {[%emt 00:02:39]} Rd8
{[%clk 00:47:09]} {[%emt 00:01:14]} 23. Qe4 {[%clk 00:48:20]} {[%emt 00:00:27]}
Qd7 {[%clk 00:46:30]} {[%emt 00:01:13]} 24. Rac1 {[%clk 00:46:34]} {[%emt
00:02:17]} Na5 {[%clk 00:44:33]} {[%emt 00:02:29]} 25. Bf4 {[%clk 00:45:09]}
{[%emt 00:01:54]} Qf5 {[%clk 00:42:05]} {[%emt 00:02:59]} 26. Qxf5 {[%clk
00:44:19]} {[%emt 00:01:19]} Rxf5 {[%clk 00:42:27]} {[%emt 00:00:08]} 27. Ne2
{[%clk 00:44:11]} {[%emt 00:00:36]} g5 {[%clk 00:42:03]} {[%emt 00:00:55]} 28.
Bg3 {[%clk 00:39:28]} {[%emt 00:05:10]} Rxf3 {[%clk 00:40:27]} {[%emt
00:02:09]} 29. Ng1 {[%clk 00:39:36]} {[%emt 00:00:23]} Rf5 {[%clk 00:39:51]}
{[%emt 00:01:06]} 30. b4 {[%clk 00:39:54]} {[%emt 00:00:13]} Nb7 {[%clk
00:38:35]} {[%emt 00:01:46]} 31. Rc7 {[%clk 00:40:06]} {[%emt 00:00:16]} Rd7
{[%clk 00:35:53]} {[%emt 00:03:11]} 32. Rdc1 {[%clk 00:39:53]} {[%emt
00:00:44]} Nd8 {[%clk 00:32:44]} {[%emt 00:03:39]} 33. Ne2 {[%clk 00:31:15]}
{[%emt 00:09:01]} Ne6 {[%clk 00:30:59]} {[%emt 00:02:22]} 34. Rxd7 {[%clk
00:29:27]} {[%emt 00:02:19]} Kxd7 {[%clk 00:30:19]} {[%emt 00:01:11]} 35. Kg2
{[%clk 00:25:40]} {[%emt 00:04:17]} g4 {[%clk 00:24:41]} {[%emt 00:06:08]} 36.
d5 {[%clk 00:25:52]} {[%emt 00:00:16]} Nd8 {[%clk 00:22:08]} {[%emt 00:03:05]}
37. Rf1 {[%clk 00:19:26]} {[%emt 00:06:54]} Rxf1 {[%clk 00:18:53]} {[%emt
00:03:46]} 38. Kxf1 {[%clk 00:19:48]} {[%emt 00:00:07]} e6 {[%clk 00:19:00]}
{[%emt 00:00:23]} 39. dxe6+ {[%clk 00:03:32]} {[%emt 00:16:47]} Kxe6 {[%clk
00:18:08]} {[%emt 00:01:21]} 40. Nd4+ {[%clk 00:03:38]} {[%emt 00:00:21]} Kd5
{[%clk 00:17:28]} {[%emt 00:01:14]} 41. Nb5 {[%clk 00:03:48]} {[%emt 00:00:17]}
Nc6 {[%clk 00:14:01]} {[%emt 00:03:59]} 42. Nc7+ {[%clk 00:03:29]} {[%emt
00:00:49]} Kc4 {[%clk 00:11:16]} {[%emt 00:03:13]} 43. e6 {[%clk 00:03:43]}
{[%emt 00:00:16]} Kxb4 {[%clk 00:10:49]} {[%emt 00:00:53]} 44. Bd6+ {[%clk
00:04:06]} {[%emt 00:00:13]} Kc4 {[%clk 00:09:09]} {[%emt 00:02:09]} 45. e7
{[%clk 00:04:06]} {[%emt 00:00:31]} Nxe7 {[%clk 00:09:14]} {[%emt 00:00:26]}
46. Bxe7 {[%clk 00:04:29]} {[%emt 00:00:07]} Be5 {[%clk 00:09:05]} {[%emt
00:00:39]} 47. Ne6 {[%clk 00:04:13]} {[%emt 00:00:44]} Bxh2 {[%clk 00:08:34]}
{[%emt 00:01:03]} 48. Ng5 {[%clk 00:04:20]} {[%emt 00:00:19]} h6 {[%clk
00:08:24]} {[%emt 00:00:44]} 49. Ne4 {[%clk 00:04:13]} {[%emt 00:00:37]} Kd5
{[%clk 00:08:13]} {[%emt 00:00:38]} 50. Nf6+ {[%clk 00:04:04]} {[%emt
00:00:39]} Ke6 {[%clk 00:08:11]} {[%emt 00:00:36]} 51. Nxg4 {[%clk 00:04:19]}
{[%emt 00:00:15]} Kxe7 {[%clk 00:08:17]} {[%emt 00:00:25]} 52. Nxh2 {[%clk
00:04:44]} {[%emt 00:00:05]} b5 {[%clk 00:08:18]} {[%emt 00:00:29]} 53. Ke2
{[%clk 00:05:04]} {[%emt 00:00:10]} Kd6 {[%clk 00:08:27]} {[%emt 00:00:19]} 54.
Kd3 {[%clk 00:05:18]} {[%emt 00:00:18]} Kc5 {[%clk 00:08:48]} {[%emt 00:00:09]}
55. Kc3 {[%clk 00:05:38]} {[%emt 00:00:09]} a5 {[%clk 00:08:56]} {[%emt
00:00:23]} 56. Nf3 {[%clk 00:04:58]} {[%emt 00:01:09]} h5 {[%clk 00:08:50]}
{[%emt 00:00:36]} 57. Nh4 {[%clk 00:05:24]} {[%emt 00:00:05]} b4+ {[%clk
00:08:22]} {[%emt 00:00:58]} 58. Kb3 {[%clk 00:05:08]} {[%emt 00:00:46]} Kb5
{[%clk 00:08:44]} {[%emt 00:00:08]} 59. Kb2 {[%clk 00:04:07]} {[%emt 00:01:31]}
Kc4 {[%clk 00:08:50]} {[%emt 00:00:24]} 60. Nf5 {[%clk 00:03:16]} {[%emt
00:01:22]} a4 {[%clk 00:08:36]} {[%emt 00:00:43]} 61. Nh4 {[%clk 00:02:11]}
{[%emt 00:01:35]} a3+ {[%clk 00:06:33]} {[%emt 00:02:30]} 62. Kc2 {[%clk
00:02:35]} {[%emt 00:00:09]} b3+ {[%clk 00:06:35]} {[%emt 00:00:28]} 63. axb3+
{[%clk 00:02:51]} {[%emt 00:00:15]} Kb4 {[%clk 00:07:00]} {[%emt 00:00:05]} 64.
Ng6 {[%clk 00:03:01]} {[%emt 00:00:20]} a2 {[%clk 00:07:09]} {[%emt 00:00:21]}
65. Kb2 {[%clk 00:03:27]} {[%emt 00:00:05]} a1=Q+ {[%clk 00:07:32]} {[%emt
00:00:08]} 66. Kxa1 {[%clk 00:03:53]} {[%emt 00:00:03]} Kxb3 {[%clk 00:07:53]}
{[%emt 00:00:09]} 67. Kb1 {[%clk 00:04:19]} {[%emt 00:00:04]} Kc4 {[%clk
00:08:11]} {[%emt 00:00:12]} 68. Kc2 {[%clk 00:04:45]} {[%emt 00:00:06]} Kd4
{[%clk 00:08:38]} {[%emt 00:00:02]} 69. Kd2 {[%emt 00:00:12]} Ke4 {[%clk
00:08:59]} {[%emt 00:00:03]} 70. Ke2 {[%clk 00:05:35]} {[%emt 00:00:05]} Kf5
{[%clk 00:09:15]} {[%emt 00:00:13]} 71. Kf3 {[%clk 00:05:57]} {[%emt 00:00:07]}
Kxg6 {[%clk 00:08:51]} {[%emt 00:00:54]} 72. Kg2 {[%clk 00:06:20]} {[%emt
00:00:08]} Kg5 {[%clk 00:09:17]} {[%emt 00:00:05]} 73. Kg1 {[%clk 00:06:46]}
{[%emt 00:00:04]} Kg4 {[%clk 00:09:40]} {[%emt 00:00:07]} 74. Kg2 {[%clk
00:07:10]} {[%emt 00:00:05]} h4 {[%clk 00:10:04]} {[%emt 00:00:07]} 75. Kh1
{[%clk 00:07:14]} {[%emt 00:00:24]} h3 {[%clk 00:10:19]} {[%emt 00:00:16]} 76.
Kh2 {[%clk 00:07:36]} {[%emt 00:00:08]} Kh4 {[%clk 00:10:45]} {[%emt 00:00:05]}
77. Kh1 {[%clk 00:07:58]} {[%emt 00:00:06]} Kg3 {[%clk 00:10:50]} {[%emt
00:00:26]} 78. Kg1 {[%clk 00:08:23]} {[%emt 00:00:06]} h2+ {[%clk 00:11:07]}
{[%emt 00:00:13]} 79. Kh1 {[%clk 00:08:48]} {[%emt 00:00:04]} 1/2-1/2